000 00609nam a2200217Ia 4500
003 OSt
005 20220928145240.0
006 a|||||r|||| 00| 0
007 ta
008 220927b |||||||| |||| 00| 0 eng d
024 _a79632
037 _cTextual
040 _aSDCL
_cSDCL
_beng
041 _2eng
_aeng
082 _aX9(J).41'D2, M0
100 _aCho-Yun Hsu
_9512259
245 0 _aHan agriculture
_b The formation of early Chinese agrarian economy,20 BC-AD 210- Ed by Jack L Duel
260 _c1980
942 _hX9(J).41'D2, M0
_cTEXL
_2CC
999 _c832712
_d832712